000 00458cam a22001217a 4500
008 180718b2007 xxu||||| |||| 00| 0 eng d
082 _aL6037x5452 C
245 _aCommercial audit manual, 2007
_cby Office of the Accountant General (C&RA), Tamil Nadu
260 _aChennai
_bOffice of the Accountant General (C&RA), Tamil Nadu
_c2007
300 _av.p.
650 _aAuditing - India - Tamil Nadu
700 _aTamil Nadu. Office of the Accountant General (C&RA)
999 _c481564
_d481564